Monetary policy and financial stability
Závislosť medzi menovou politikou a finančnou stabilitou. Dôsledky svetovej finančnej krízy na zameranie menovej politiky.
Na minha lista:
| Autor principal: | |
|---|---|
| Formato: | Capítulo de Livro |
| Idioma: | inglês |
| Assuntos: | |
| Tags: |
Sem tags, seja o primeiro a adicionar uma tag!
|
MARC
| LEADER | 00000naa a2200000 4500 | ||
|---|---|---|---|
| 001 | 0162063 | ||
| 005 | 20220715113157.8 | ||
| 041 | 0 | |a eng | |
| 044 | |a CZ | ||
| 245 | 1 | 0 | |a Monetary policy and financial stability |c Miroslav Hrnčíř |
| 520 | |a Závislosť medzi menovou politikou a finančnou stabilitou. Dôsledky svetovej finančnej krízy na zameranie menovej politiky. | ||
| 610 | 2 | 0 | |a stabilita finančná |
| 610 | 2 | 0 | |a stabilita hospodárstva |
| 610 | 2 | 0 | |a stabilita meny |
| 610 | 2 | 0 | |a politika menová |
| 610 | 2 | 0 | |a kríza finančná |
| 100 | 1 | |a Hrnčíř, Miroslav | |